000 00763cam a2200301 4500
001 ABS68323
008 041029n2004 000 0 eng u
035 _a(Sirsi) u127874
245 _aFocus 3: M25 North East
260 _c2004
490 _aEstates Gazette
_v(0447) 16 October 2004, 113-129(10)
590 _aABS
590 _aABS
650 _aM25
650 _aENFIELD
650 _aHARLOW
650 _aROMFORD
650 _aSOUTHGATE
650 _aILFORD
650 _aBRENTWOOD
650 _aLEE VALLEY
650 _aDEVELOPMENT
650 _aOFFICE MARKET
650 _aPROPERTY-COMMERCIAL PROPERTY-RETAIL PROPERTY-RETAIL PROPERTY MARKET
650 _aINDUSTRIAL MARKET
690 _aCOMMERCIAL PROPERTY-MARKET
942 _n0
999 _c118254
_d118254